|
|
|
|
| LEADER |
01601cas a2200241 a 4500 |
| 001 |
AALejournalIMF009396 |
| 008 |
230101c9999 xx r poo 0 0eng d |
| 020 |
|
|
|c 5.00 USD
|
| 020 |
|
|
|z 9781451867824
|
| 022 |
|
|
|a 1018-5941
|
| 040 |
|
|
|a BD-DhAAL
|c BD-DhAAL
|
| 100 |
1 |
|
|a Yehoue, Etienne.
|
| 245 |
1 |
0 |
|a Ethnic Diversity, Democracy, and Corruption /
|c Etienne Yehoue.
|
| 264 |
|
1 |
|a Washington, D.C. :
|b International Monetary Fund,
|c 2007.
|
| 300 |
|
|
|a 1 online resource (22 pages)
|
| 490 |
1 |
|
|a IMF Working Papers
|
| 500 |
|
|
|a <strong>Off-Campus Access:</strong> No User ID or Password Required
|
| 500 |
|
|
|a <strong>On-Campus Access:</strong> No User ID or Password Required
|
| 506 |
|
|
|a Electronic access restricted to authorized BRAC University faculty, staff and students
|
| 520 |
3 |
|
|a I study the link between ethnic diversity, democracy, and corruption. In a static model, I show that contrary to conventional wisdom, corruption might emerge as a negative externality of democracy. This occurs through ethnicity, which appears as a rent-extracting technology in a democratic society. Extending the model into a dynamic framework, I find that this technology of extraction operates only at the early stage of democracy. Its impact tends to phase out as democracy matures. In other words, the model predicts that democracy exhibits a threshold effect on corruption.
|
| 538 |
|
|
|a Mode of access: Internet
|
| 830 |
|
0 |
|a IMF Working Papers; Working Paper ;
|v No. 2007/218
|
| 856 |
4 |
0 |
|z Full text available on IMF
|u http://elibrary.imf.org/view/journals/001/2007/218/001.2007.issue-218-en.xml
|z IMF e-Library
|